Roots of synthetic theology in Islam : (Record no. 1012)

000 -LEADER
fixed length control field nam a22 a 4500
003 - CONTROL NUMBER IDENTIFIER
control field AKMAL
005 - DATE AND TIME OF LATEST TRANSACTION
control field 20170508104328.0
008 - FIXED-LENGTH DATA ELEMENTS--GENERAL INFORMATION
fixed length control field 170508t1996 my 00 eng d
020 ## - INTERNATIONAL STANDARD BOOK NUMBER
International Standard Book Number 9839900226:
Terms of availability RM 46.00
040 ## - CATALOGING SOURCE
Original cataloging agency AKMAL
082 04 - DEWEY DECIMAL CLASSIFICATION NUMBER
Classification number 297.2 CER
090 20 - LOCALLY ASSIGNED LC-TYPE CALL NUMBER (OCLC); LOCAL CALL NUMBER (RLIN)
Classification number (OCLC) (R) ; Classification number, CALL (RLIN) (NR) 297.2
Local cutter number (OCLC) ; Book number/undivided call number, CALL (RLIN) CER
100 1# - MAIN ENTRY--PERSONAL NAME
Personal name Ceric, Mustafa,
Dates associated with a name 1952-
9 (RLIN) 2114
245 10 - TITLE STATEMENT
Title Roots of synthetic theology in Islam :
Remainder of title a study of the theology of Abu Mansor al-Maturidi /
Statement of responsibility, etc. Mustafa Ceric
260 ## - PUBLICATION, DISTRIBUTION, ETC.
Place of publication, distribution, etc. Kuala Lumpur :
Name of publisher, distributor, etc. International Institute of Islamic Thought and Civilization,
Date of publication, distribution, etc. 1995
300 ## - PHYSICAL DESCRIPTION
Dimensions cm
600 10 - SUBJECT ADDED ENTRY--PERSONAL NAME
Personal name Maturidi, Muhammad ibn Muhammad,
Dates associated with a name d. 944 or 5
9 (RLIN) 2115
600 10 - SUBJECT ADDED ENTRY--PERSONAL NAME
Personal name Maturidi, Muhammad ibn Muhammad,
Dates associated with a name d. 944 or 5
General subdivision Contributions in Islamic theology
9 (RLIN) 2116
600 10 - SUBJECT ADDED ENTRY--PERSONAL NAME
Personal name Maturidi, Muhammad ibn Muhammad,
Dates associated with a name d. 944 or 5
General subdivision Views on Islamic theology
9 (RLIN) 2117
600 10 - SUBJECT ADDED ENTRY--PERSONAL NAME
Personal name Maturidi, Muhammad ibn Muhammad,
Dates associated with a name d. 944 or 5
General subdivision influence
9 (RLIN) 2118
650 ## - SUBJECT ADDED ENTRY--TOPICAL TERM
Topical term or geographic name entry element Islam
General subdivision Doctrines
9 (RLIN) 894
650 ## - SUBJECT ADDED ENTRY--TOPICAL TERM
Topical term or geographic name entry element Philosophy, Islamic
9 (RLIN) 874
650 ## - SUBJECT ADDED ENTRY--TOPICAL TERM
Topical term or geographic name entry element Philosophical theology
9 (RLIN) 2119
942 ## - ADDED ENTRY ELEMENTS (KOHA)
Source of classification or shelving scheme
Koha item type Book
Holdings
Withdrawn status Lost status Source of classification or shelving scheme Damaged status Not for loan Collection code Home library Current library Shelving location Date acquired Inventory number Total Checkouts Full call number Barcode Date last seen Price effective from Koha item type
          NON-FICTION AKMAL Melaka AKMAL Melaka PINJAMAN 08.05.2017 00579   297.2 CER 201701994 08.05.2017 08.05.2017 Book
          NON-FICTION AKMAL Melaka AKMAL Melaka PINJAMAN 08.05.2017 000308   297.5 MUS 201702313 08.05.2017 08.05.2017 Book
Pusat Sumber Maklumat Dato' Haji Sarmin Md Hussin, Akademi Kastam Diraja Malaysia, Melaka
Tel: 06-2331106 | Faks: 06-2313787